| 000 | 01516nam a22003977a 4500 | ||
|---|---|---|---|
| 001 | 000095498 | ||
| 003 | CHAP | ||
| 005 | 20220329143112.0 | ||
| 008 | 060329d2006 mx r 00110 spa d | ||
| 010 | _a91964 | ||
| 011 | _a92936 | ||
| 035 | _a103503 | ||
| 040 | _cCHAP | ||
| 090 | _aTesis | ||
| 100 | 1 |
_aVergara Cabrera, Tania Gabriela _9118880 |
|
| 245 | 1 | 0 |
_aEscarabajo rinoceronte Strategus aloeus L. ¿ Una plaga potencial del agave tequilero (Agave tequilana Weber) en el estado de Jalisco? / _c/por Tania Gabriela Vergara Cabrera. |
| 260 |
_aChapingo, Méx. : _bEl autor, _c2006. |
||
| 300 |
_a49 h. : _bilus. ; gráfs. |
||
| 502 | _aTesis (Ing. Agrón. Esp. en Parasitología Agrícola) -- UACH. Departamento de Parasitología Agrícola | ||
| 590 |
_aALEPH _b10 _c20130110 _lUCH01 _h1510 |
||
| 590 |
_aBATCH-UPD _b10 _c20130110 _lUCH01 _h0401 |
||
| 590 |
_aBATCH-UPD _b10 _c20140324 _lUCH01 _h1455 |
||
| 590 |
_aBATCH-UPD _b10 _c20141002 _lUCH01 _h0829 |
||
| 590 |
_aCONVERSION _b10 _c20130109 _lUCH01 _h1351 |
||
| 590 |
_aE11695DGD _b10 _c20130530 _lUCH01 _h1407 |
||
| 650 | 1 | 4 |
_aAgave _xJalisco. _91081 |
| 650 | 1 | 4 |
_aAgave _xPlagas. _91086 |
| 650 | 1 | 4 |
_aStrategus aloeus. _9109957 |
| 856 |
_3Finding aid _uhttp://10.13.5.2/tesis/103503.pdf _zTeclea aquí |
||
| 901 | _aBK | ||
| 905 | _aAlejandra Carrasco M. | ||
| 942 | _cCD | ||
| 942 | _n0 | ||
| 949 |
_aTesis _bBC _cTES _d00000001035031 _eTS1 _gDonaciØn _h44969 _i103503 _sb |
||
| 949 |
_aTesis _bBC _cTES _d33724000999371 _eTS2 _fc.2 _gDonaciØn _h44970 _i103503 _si |
||
| 999 |
_c91964 _d91964 |
||